| 000 | 00794nam a22002297a 4500 | ||
|---|---|---|---|
| 999 |
_c6486 _d6486 |
||
| 003 | AR-CdUCM | ||
| 008 | 190318b ||||| |||| 00| 0 spa d | ||
| 040 |
_aMUNICIPALIDAD PROVINCIAL DEL CUSCO _cBIBLIOTECA MUNICIPAL DEL CUSCO |
||
| 082 |
_a498.515 / _bME6 |
||
| 100 |
_aCoombs, David _918382 |
||
| 245 |
_aGramática quechua : _bSan Martín / |
||
| 260 |
_aLima : _bIEP, _c1972. |
||
| 300 |
_a222 paginas ; _c20 cm. |
||
| 440 |
_aMinisterio de educación _915645 |
||
| 505 | _aContenido : Introducción -- Fonología -- Generalidades gramaticales -- Oraciones simples -- La frase nominal ... | ||
| 650 |
_aGramática quechua _918225 |
||
| 650 |
_aQuechua _92063 |
||
| 650 |
_aQuechua San Martín _918367 |
||
| 710 |
_aMinisterio de educación _97870 |
||
| 942 |
_2ddc _cLIBROS |
||
| 945 | _arah | ||